000
00297nam a2200121Ia 4500
008
231129s1970||||xx |||||||||||||| ||spa||
082
_a
HAJ- 0541
100
_a
Lukacs Georg
245
0
_a
Lenin: la coherencia de su pensamiento
260
_c
1970
264
_a
[sin editorial]
942
_2
ddc
_c
BKS
999
_c
19136
_d
19136